Amphibians of Iowa - Statistics

General Stats
  • This quiz has been taken 15 times
    12 since last reset
  • The average score is 15 of 20
Answer Stats
Picture Hint Answer % Correct
American Toad
100%
Bullfrog
100%
Only in eastern Iowa Green Frog
100%
Mudpuppy
100%
Tiger Salamander
100%
Only in eastern Iowa Central Newt
86%
Only in SE Iowa Fowler's Toad
86%
Either species Gray Treefrog
86%
Only in eastern Iowa Pickerel Frog
86%
Only in western Iowa Plains Spadefoot
86%
Not present in western Iowa Spring Peeper
86%
Blanchard's Cricket Frog
71%
Only in NE Iowa Blue-spotted salamander
71%
Boreal Chorus Frog
71%
Only in western Iowa Great Plains Toad
57%
Northern Leopard Frog
57%
Only in southern Iowa Smallmouth Salamander
57%
Only in western Iowa Woodhouse's Toad
57%
Not present in NE Iowa Plains Leopard Frog
43%
Only in SE Iowa Southern Leopard Frog
43%
No matching quizzes found
Score Distribution
Percent of People with Each Score
Percentile by Number Answered
Your Score History
You have not taken this quiz since the last reset